Sports Quiz

Random Sports or NFL Quiz

Teams with Perfect Super Bowl Records Quiz Stats

Quiz not verified by Sporcle

Challenge
Share
Tweet
Embed
Score 0/5 Timer 01:00
0 Plays Today
NFL Teams unbeaten in the Super Bowl % Correct
5-0San Francisco 49ers
73.5%
1-0Baltimore Ravens
63.1%
1-0New York Jets
61.4%
1-0Tampa Bay Buccaneers
52.3%
1-0New Orleans Saints
31.2%

You're not logged in!

Compare scores with friends on all Sporcle quizzes.
Sign Up with Email
OR
Log In

You Might Also Like...

Show Comments

Extras

Top Quizzes Today


Score Distribution

Your Account Isn't Verified!

In order to create a playlist on Sporcle, you need to verify the email address you used during registration. Go to your Sporcle Settings to finish the process.